000 00401nam a22001337a 4500
020 _qPB.
040 _cFIZZA ISHAQ
082 _a519.502
_bHAT
100 _a Hatcher ,Larry.
_9134027
245 _aA Step-by-Step Approach to Using the SAS System for Univeriate and Multivariate Statistics /
_cLarry Hatcher.
260 _aUSA:
_b SAS Instiute,
_c1994.
300 _a552 p. ;
_c24 cm
942 _2ddc
_cBK
999 _c616952
_d616952